000 01780cab a2200277 4500
001 ABS@61468
008 040220n2004 000 0 eng u
035 _a(Sirsi) u125211
245 _aSimon Richard Fraser and Nathan George Fraser v Canterbury Diocesan Board of Finance and Integrated Services Programme
260 _c2004
520 _a[2004] EWCA Civ 15, 28 January 2004. Appeal by appellant F against a HC decision ([2003] EWHC 1075 (Ch), 14 May 2003) which held that a reverter of land had not taken place before the Reverter of Sites Act 1987 came into force. CA held that the trustees of an 1866 trust deed were entitled to the proceeds of the sale of part of the site of a school since the land had reverted to the successors in title of the grantor under the School Sites Act 1941 s2 on the grounds that there had been a cessation of the purpose stipulated in the trusts on which the land had been donated for use as a school. Appeal allowed. View judgment at www.courtservice.gov.uk.
590 _aABS
590 _aABS
590 _aABS
590 _aABS
650 _aSCHOOL SITES ACT 1841 S2
650 _aLAW OF TRUSTS
650 _aREVERTER OF SITES ACT 1987
650 _aFRASER AND ANOTHER V CANTERBURY DIOCESAN BOARD OF FINANCE AND ANOTHER
690 _aPROPERTY AND LAND LAW-CASE LAW
856 _uhttps://www.courtservice.gov.uk/View.do?id=2241
_zView judgment on the Court Service website...
856 _uhttps://www.courtservice.gov.uk/View.do?id=2241
_zView judgment on the Court Service website...
856 _uhttps://www.courtservice.gov.uk/View.do?id=2241
_zView judgment on the Court Service website...
856 _uhttps://www.courtservice.gov.uk/View.do?id=2241
_zView judgment on the Court Service website...
942 _n0
999 _c74163
_d74163